| 000 | 01284nam0a22002771 4500 | ||
|---|---|---|---|
| 001 | rc\407073 | ||
| 005 | 20030616165929.1 | ||
| 035 | _a(NLR Aleph) 005655397 | ||
| 090 |
_a6816294 _c6816294 |
||
| 100 | _a20030616d1987 u |0rusy50 ca | ||
| 101 | 0 | _arus | |
| 102 | _aRU | ||
| 105 | _ay ||||||||| | ||
| 200 | 1 |
_aАВТОМАТИЗИРОВАННЫЕ системы обработки данных в управлении предприятием _e[Метод. рекомендации] _fО-во "Знание" УССР _g[Подгот. к. т. н. Б.Г. Волком и А.Н. Сутугиным] |
|
| 210 |
_aКиев _cО-во "Знание" УССР _cРД ЭНТП _d1987 |
||
| 215 |
_a19 с. _d20 |
||
| 225 | 1 | _aВ помощь лектору и специалисту | |
| 225 | 1 | _aСовершенствование хозяйственного механизма и управления в новых условиях хозяйствования | |
| 320 | _aБиблиогр.: с. 19 | ||
| 702 | 1 |
_aВолк _bВ. Г. _gВладимир Григорьевич _4570 |
|
| 712 | 0 | 2 |
_a"Знание", общество УССР _cКиев _3RU\NLR\AUTH\889960976 |
| 801 | 0 |
_aRU _bNLR _gpsbo |
|
| 801 | 1 |
_aRU _bELAR _2rusmarc |
|
| 852 |
_aNLR _j88-4/17121 |
||
| 942 | _cBOOK | ||
| 980 | _aNB | ||